000 00649nam a2200265Ia 4500
005 20260121170859.0
008 008 260114s9999 xx 000 0 eng d
020 _a9783030014049
037 _aEBOOK
040 _aCRL
040 _beng
040 _cCRL
041 _2eng
041 _aeng
084 _qCRL
100 _aSamuel A. Hambleton, Hugh C. Williams
_91069306
245 0 _aCubic Fields with Geometry
260 _bSpringer
260 _bSpringer
260 _c2018
856 _uhttps://link.springer.com/openurl?genre=book&isbn=978-3-030-01404-9
942 _cEBOOK
999 _c1635036
_d1635036